Giáo trình lí thuyết số

Nội dung sách trình bày việc xây dựng tập hợp số tự nhiên và nghiên cứu lí thuyết chia hết trên tập số nguyên và mở rộng của các tập hợp số theo sơ đồ.

Saved in:
Bibliographic Details
Main Author: Trần, Diên Hiển
Format: Book
Language:Undetermined
Published: Hà Nội Nxb. Đại học Sư phạm 2014
Subjects:
Tags: Add Tag
No Tags, Be the first to tag this record!
Institutions: Trung tâm Học liệu Trường Đại học Cần Thơ
LEADER 00883nam a2200205Ia 4500
001 CTU_146390
008 210402s9999 xx 000 0 und d
020 |c 48000 
082 |a 512.7 
082 |b H305 
100 |a Trần, Diên Hiển 
245 0 |a Giáo trình lí thuyết số 
245 0 |c Trần Diên Hiển, Nguyễn Tiến Tài, Nguyễn Văn Ngọc 
260 |a Hà Nội 
260 |b Nxb. Đại học Sư phạm 
260 |c 2014 
520 |a Nội dung sách trình bày việc xây dựng tập hợp số tự nhiên và nghiên cứu lí thuyết chia hết trên tập số nguyên và mở rộng của các tập hợp số theo sơ đồ. 
650 |a Number theory,Lý thuyết số 
904 |i Tuyến 
980 |a Trung tâm Học liệu Trường Đại học Cần Thơ